000
00223nam a22000857a 4500
008
250723b |||||||| |||| 00| 0 eng d
100
_a
Oswaal
_9
7599
245
_a
One for all Question Bank Science-7
260
_a
New Delhi
_b
Oswaal
999
_c
12791
_d
12791